[Event "Olexuv memorial 2016"]
[Site "?"]
[Date "2016.12.30"]
[Round "5.5"]
[White "Doskar, Miloslav"]
[Black "Pelikan, Jaromir"]
[Result "0-1"]
[WhiteElo "1652"]
[BlackElo "1832"]
[PlyCount "120"]
[EventDate "2016.12.27"]
[SourceDate "2016.12.30"]

1. d4 Nf6 2. c4 g6 3. Nc3 d5 4. cxd5 Nxd5 5. e4 Nxc3 6. bxc3 Bg7 7. Bc4 O-O 8.
Ne2 c5 9. Be3 Nc6 10. O-O Na5 11. Bd3 b6 12. Rc1 e5 13. dxc5 Be6 14. c4 Qc7 15.
Qc2 bxc5 16. Rfd1 Rfd8 17. Ng3 Rab8 18. f3 Bf8 19. Nf1 Nc6 20. Qf2 Nb4 21. Qe2
Qd7 22. Bb1 Qa4 23. Rxd8 Rxd8 24. Bg5 Rd4 25. Ne3 Qa3 26. Nd5 Bxd5 27. exd5 f6
28. Be3 Nd3 29. Rf1 Nf4 30. Bxf4 Rxf4 31. g3 Rd4 32. f4 Bd6 33. Qg4 Bf8 34.
Qe6+ Kg7 35. fxe5 Qe3+ 36. Kh1 Qxe5 37. Qd7+ Qe7 38. Qxe7+ Bxe7 39. Rc1 Rd2 40.
a4 f5 41. Bc2 Bd6 42. Bd1 Kf7 43. Bf3 Rf2 44. Bg2 Ra2 45. Re1 Be5 46. Rd1 Rxa4
47. Bf1 Ke7 48. Rb1 Rb4 49. Re1 Kd6 50. Kg2 a5 51. Kh3 a4 52. Re2 Rb1 53. Rf2
a3 54. Bd3 Rd1 55. Bf1 Rxf1 56. Rxf1 a2 57. Kh4 h6 58. g4 a1=Q 59. Rxa1 Bxa1
60. gxf5 gxf5 0-1

[Event "Olexuv memorial 2016"]
[Site "?"]
[Date "2016.12.30"]
[Round "6.1"]
[White "Richterova, Julie"]
[Black "Krejci, Petr"]
[Result "0-1"]
[WhiteElo "1274"]
[BlackElo "2012"]
[PlyCount "70"]
[EventDate "2016.12.27"]
[SourceDate "2016.12.30"]

1. d4 d5 2. c4 dxc4 3. Nc3 a6 4. a4 Nc6 5. d5 Na5 6. e4 e6 7. Nf3 Bb4 8. Ne5
exd5 9. exd5 Nf6 10. Bg5 h6 11. Bxf6 Qxf6 12. Qe2 O-O 13. Qe3 b5 14. axb5 axb5
15. Be2 Re8 16. f4 Bb7 17. Bf3 Nb3 18. Rd1 Bc5 19. Qe4 Bd6 20. O-O Bxe5 21.
fxe5 Rxe5 22. Qg4 b4 23. Ne2 Qb6+ 24. Kh1 Na5 25. Qf4 Qf6 26. Qg3 Qe7 27. Nf4
Qg5 28. Bg4 Bc8 29. Nh3 Qe7 30. Bf3 Ra6 31. Ra1 Nb3 32. Rxa6 Bxa6 33. Nf4 Qg5
34. Bg4 c3 35. bxc3 Bxf1 0-1

[Event "Olexuv memorial 2016"]
[Site "?"]
[Date "2016.12.30"]
[Round "6.2"]
[White "Borovicka, Bohumil"]
[Black "Effenberger, Adam"]
[Result "1-0"]
[WhiteElo "1991"]
[BlackElo "1868"]
[PlyCount "69"]
[EventDate "2016.12.27"]
[SourceDate "2016.12.30"]

1. d4 Nf6 2. Nf3 g6 3. Nbd2 Bg7 4. e4 d6 5. c3 O-O 6. Bd3 c5 7. O-O b6 8. Re1
Bb7 9. Nf1 e6 10. Ng3 Nbd7 11. Bf4 Ne8 12. Qd2 cxd4 13. cxd4 e5 14. Bg5 f6 15.
Bh6 Bxh6 16. Qxh6 Rc8 17. h4 Qe7 18. Rac1 Qg7 19. Qe3 Nc7 20. Bc4+ Kh8 21. Qa3
f5 22. Qxd6 fxe4 23. Nxe5 Nxe5 24. Qxe5 Qxe5 25. dxe5 Rf4 26. h5 gxh5 27. Nxh5
Rf5 28. Ng3 Rxe5 29. Rcd1 Nd5 30. Bxd5 Bxd5 31. f4 Ree8 32. Rxd5 Rc2 33. Rxe4
Rg8 34. Re2 Rc1+ 35. Kf2 1-0

[Event "Olexuv memorial 2016"]
[Site "?"]
[Date "2016.12.30"]
[Round "6.3"]
[White "Michael, Veznik"]
[Black "Spodny, Josef"]
[Result "1/2-1/2"]
[WhiteElo "1780"]
[BlackElo "1906"]
[PlyCount "42"]
[EventDate "2016.12.27"]
[SourceDate "2016.12.30"]

1. e4 e5 2. Nc3 Nf6 3. Bc4 Nc6 4. Nf3 d6 5. Ng5 Be6 6. Bxe6 fxe6 7. Nxe6 Qd7 8.
Nxf8 Rxf8 9. d3 Kf7 10. h3 Kg8 11. Be3 a6 12. a4 Qf7 13. O-O Qg6 14. Ne2 Nh5
15. f4 exf4 16. Nxf4 Nxf4 17. Bxf4 Rf7 18. Qd2 Raf8 19. Bh2 Rxf1+ 20. Rxf1
Rxf1+ 21. Kxf1 Qf6+ 1/2-1/2

[Event "Olexuv memorial 2016"]
[Site "?"]
[Date "2016.12.30"]
[Round "6.4"]
[White "Micka, Norbert"]
[Black "Snorek, Milan"]
[Result "1-0"]
[WhiteElo "1836"]
[BlackElo "2049"]
[PlyCount "119"]
[EventDate "2016.12.27"]
[SourceDate "2016.12.30"]

1. Nf3 d5 2. d4 Nf6 3. c4 dxc4 4. e3 e6 5. Bxc4 c5 6. O-O a6 7. Nc3 Nc6 8. dxc5
Qxd1 9. Rxd1 Bxc5 10. Bd2 O-O 11. a3 Rd8 12. Be1 Bd7 13. Ba2 Ba7 14. Rac1 b5
15. b4 Rac8 16. h3 h6 17. Kf1 g5 18. g4 Kf8 19. Kg1 Bb8 20. Nb1 Ne7 21. Bc3
Ned5 22. Bd4 Be8 23. Nbd2 Rxc1 24. Rxc1 Ng8 25. Ne4 f5 26. gxf5 exf5 27. Nc5
Bf7 28. Nxa6 Bd6 29. Ne5 Bxe5 30. Bxe5 Nf4 31. exf4 Bxa2 32. Nc7 Bc4 33. fxg5
hxg5 34. a4 Bb3 35. axb5 Rc8 36. b6 Bd5 37. Rc5 Bb7 38. Bd6+ Kf7 39. Rxf5+ Kg6
40. Rf8 Nf6 41. Rxc8 Bxc8 42. Bc5 Kf5 43. Nb5 Ne8 44. Na7 Bb7 45. b5 Nf6 46.
Nc6 Nd7 47. Be3 g4 48. hxg4+ Kxg4 49. Nd8 Bd5 50. b7 Bc4 51. Ba7 Bxb5 52. b8=Q
Nxb8 53. Bxb8 Kf3 54. Ne6 Ba6 55. Nd4+ Ke4 56. Ba7 Bb7 57. Kh2 Kf4 58. Kh3 Bc8+
59. Kh4 Bg4 60. Bb8+ 1-0

[Event "Olexuv memorial 2016"]
[Site "?"]
[Date "2016.12.30"]
[Round "6.5"]
[White "Marsa, Alexandr"]
[Black "Pelikan, Jaromir"]
[Result "1/2-1/2"]
[WhiteElo "1906"]
[BlackElo "1832"]
[PlyCount "132"]
[EventDate "2016.12.27"]
[SourceDate "2016.12.30"]

1. d4 Nf6 2. c4 g6 3. Nc3 d5 4. Bf4 Bg7 5. e3 O-O 6. Qb3 dxc4 7. Bxc4 c6 8. Nf3
Nbd7 9. O-O Nb6 10. Be2 Be6 11. Qc2 Rc8 12. Rfd1 Nbd5 13. Be5 Nxc3 14. bxc3 Qa5
15. Nd2 Nd5 16. Bxg7 Kxg7 17. Rac1 Qc7 18. c4 Nf6 19. Qb2 Qb8 20. e4 Kg8 21. e5
Ne8 22. Ne4 b6 23. Ng5 Ng7 24. Nxe6 Nxe6 25. Bg4 Rcd8 26. Bxe6 fxe6 27. Rd2 Rf5
28. g3 Rd7 29. f4 Qd8 30. Rcd1 g5 31. fxg5 Rxg5 32. Qc3 Qf8 33. Rf1 Qg7 34.
Rdf2 Rd8 35. Qf3 Rf5 36. Qxc6 Rxf2 37. Rxf2 Qg4 38. Rf4 Qg6 39. Qe4 Qxe4 40.
Rxe4 Rc8 41. d5 exd5 42. cxd5 Kf7 43. Kf2 Kg6 44. d6 exd6 45. exd6 a6 46. Ke3
Rd8 47. Re6+ Kf5 48. Rh6 Ke5 49. Rxh7 Kxd6 50. g4 a5 51. g5 b5 52. h4 Ke6 53.
Rb7 Rh8 54. Rb6+ Kf7 55. Rxb5 Rxh4 56. Rxa5 Kg6 57. Kd3 Rg4 58. Kc3 Rg3+ 59.
Kd4 Rg4+ 60. Ke3 Rh4 61. a4 Rg4 62. Ra8 Kxg5 63. a5 Ra4 64. a6 Kf6 65. a7 Kg7
66. Kd3 Ra1 1/2-1/2

[Event "Olexuv memorial 2016"]
[Site "?"]
[Date "2016.12.30"]
[Round "6.6"]
[White "Zacek, Petr"]
[Black "Richter, Rudolf"]
[Result "1-0"]
[WhiteElo "2009"]
[BlackElo "1174"]
[PlyCount "37"]
[EventDate "2016.12.27"]
[SourceDate "2016.12.30"]

1. e4 Nf6 2. e5 Nd5 3. d4 d6 4. Nf3 Nc6 5. c4 Nb6 6. exd6 exd6 7. Be3 g6 8. Be2
Bg7 9. Qd2 Be6 10. d5 Ne5 11. Nxe5 Bxe5 12. dxe6 fxe6 13. Bd4 Bxd4 14. Qxd4 Rf8
15. O-O Qd7 16. Bf3 O-O-O 17. Nc3 e5 18. Qe4 c6 19. Bg4 1-0

[Event "Olexuv memorial 2016"]
[Site "?"]
[Date "2016.12.30"]
[Round "6.7"]
[White "Vavrousek , Petr"]
[Black "Kriz, Tomas"]
[Result "0-1"]
[WhiteElo "1759"]
[BlackElo "1432"]
[PlyCount "86"]
[EventDate "2016.12.27"]
[SourceDate "2016.12.30"]

1. e4 c5 2. Nf3 Nc6 3. d4 cxd4 4. Nxd4 Nf6 5. Nc3 g6 6. Bc4 Bg7 7. Be3 Qa5 8.
O-O Qb4 9. Bb3 Nxe4 10. Nxc6 bxc6 11. a3 Nxc3 12. axb4 Nxd1 13. Rfxd1 a6 14. c3
d6 15. Re1 Bf6 16. Bc4 d5 17. Be2 O-O 18. b5 cxb5 19. Bxb5 Rb8 20. Bc6 Rxb2 21.
Bxd5 Bxc3 22. Red1 e6 23. Bc6 Bf6 24. Rac1 Bb7 25. Rd6 Rc8 26. Bxb7 Rxc1+ 27.
Bxc1 Rxb7 28. Rd1 Kg7 29. Kf1 a5 30. Ba3 a4 31. Rd2 Rb1+ 32. Ke2 Rb3 33. Ra2 g5
34. Kd2 Kg6 35. Kc2 Kf5 36. Bc1 Rc3+ 37. Kd2 Rc4 38. f3 h5 39. Ba3 Be5 40. g3
Rc3 41. Ke2 Bd4 42. Bd6 Re3+ 43. Kf2 Ra3+ 0-1

[Event "Olexuv memorial 2016"]
[Site "?"]
[Date "2016.12.30"]
[Round "6.8"]
[White "Kasparek, Ondrej"]
[Black "Doskar, Miloslav"]
[Result "1/2-1/2"]
[WhiteElo "1922"]
[BlackElo "1652"]
[PlyCount "51"]
[EventDate "2016.12.27"]
[SourceDate "2016.12.30"]

1. e4 e5 2. Nf3 Nc6 3. Bc4 Bc5 4. c3 Nf6 5. b4 Be7 6. d3 d6 7. h3 a6 8. O-O Be6
9. Bb3 Bxb3 10. axb3 O-O 11. Re1 Re8 12. Bg5 Nd7 13. Bxe7 Nxe7 14. Nbd2 Nf8 15.
Nf1 Ne6 16. g3 f5 17. exf5 Nxf5 18. Ne3 Rf8 19. Kg2 c6 20. Qe2 Ng5 21. Nxg5
Qxg5 22. Nxf5 Rxf5 23. Rf1 Raf8 24. f3 h5 25. h4 Qg6 26. Qe4 1/2-1/2

[Event "Olexuv memorial 2016"]
[Site "?"]
[Date "2016.12.30"]
[Round "6.9"]
[White "Divis, Jan"]
[Black "Wunsch, Radek"]
[Result "1/2-1/2"]
[WhiteElo "1634"]
[BlackElo "1000"]
[PlyCount "43"]
[EventDate "2016.12.27"]
[SourceDate "2016.12.30"]

1. d4 Nf6 2. Bf4 d5 3. e3 Bf5 4. Nd2 e6 5. c3 Bd6 6. Bg3 O-O 7. Qb3 Nbd7 8.
Ngf3 Rb8 9. Nh4 Bg6 10. Nxg6 hxg6 11. Bd3 e5 12. dxe5 Nxe5 13. Bxe5 Bxe5 14.
Nf3 Bd6 15. O-O Ne4 16. Qc2 Qe7 17. Rad1 Rfe8 18. a3 a6 19. Be2 Rbd8 20. h3 c6
21. Bd3 b5 22. Rfe1 1/2-1/2

[Event "Olexuv memorial 2016"]
[Site "?"]
[Date "2016.12.30"]
[Round "6.10"]
[White "Richterova, Natasa"]
[Black "Koci, Milos"]
[Result "1/2-1/2"]
[WhiteElo "1274"]
[BlackElo "1250"]
[PlyCount "20"]
[EventDate "2016.12.27"]
[SourceDate "2016.12.30"]

1. d4 d5 2. Nf3 Nf6 3. Bg5 Bf5 4. e3 Nbd7 5. Bd3 Bxd3 6. Qxd3 e6 7. Bxf6 Nxf6
8. Qb5+ c6 9. Qxb7 Qc8 10. Qxc8+ Rxc8 1/2-1/2

[Event "Olexuv memorial 2016"]
[Site "?"]
[Date "2016.12.30"]
[Round "6.11"]
[White "Dvorak, Vlastimil"]
[Black "Brda, Vlastimil"]
[Result "0-1"]
[WhiteElo "1000"]
[BlackElo "1234"]
[PlyCount "44"]
[EventDate "2016.12.27"]
[SourceDate "2016.12.30"]

1. e4 g6 2. Nc3 c6 3. Nf3 Bg7 4. d4 e6 5. Bd3 Ne7 6. O-O O-O 7. Be3 d5 8. e5
Nd7 9. Qd2 Kh8 10. Bh6 Ng8 11. Bxg7+ Kxg7 12. Qf4 Qe7 13. a3 b5 14. b4 Nb6 15.
Nd2 a5 16. Rfb1 a4 17. Nd1 f6 18. Nc3 Nd7 19. exf6+ Rxf6 20. Qc7 Rf7 21. Qxc6
Qf6 22. Nf3 Nh6 0-1

[Event "Olexuv memorial 2016"]
[Site "?"]
[Date "2016.12.30"]
[Round "7.1"]
[White "Krejci, Petr"]
[Black "Borovicka, Bohumil"]
[Result "1-0"]
[WhiteElo "2012"]
[BlackElo "1991"]
[PlyCount "55"]
[EventDate "2016.12.27"]
[SourceDate "2016.12.30"]

1. Nf3 c6 2. g3 d6 3. d4 Nd7 4. c4 h6 5. Nc3 g5 6. e4 Bg7 7. Be3 Nf8 8. Bd3 Ne6
9. h3 Qa5 10. Ke2 a6 11. a3 Nf6 12. b4 Qc7 13. Rc1 g4 14. Nh4 Ng5 15. hxg4 Nxg4
16. Bxg5 hxg5 17. Nf3 Bd7 18. Rxh8+ Bxh8 19. Qh1 O-O-O 20. Nd5 cxd5 21. cxd5
Bc6 22. dxc6 b5 23. Qh5 Nf6 24. Qxf7 Rg8 25. e5 g4 26. Nh4 dxe5 27. Qe6+ Kd8
28. Bf5 1-0

[Event "Olexuv memorial 2016"]
[Site "?"]
[Date "2016.12.30"]
[Round "7.3"]
[White "Effenberger, Adam"]
[Black "Richterova, Julie"]
[Result "1/2-1/2"]
[WhiteElo "1868"]
[BlackElo "1779"]
[PlyCount "76"]
[EventDate "2016.12.27"]
[SourceDate "2016.12.30"]

1. e4 d5 2. exd5 Qxd5 3. Nf3 Bg4 4. Be2 Nf6 5. O-O e6 6. d4 c6 7. c4 Qd6 8. Nc3
Nbd7 9. Be3 Qc7 10. a3 Bd6 11. h3 Bh5 12. b4 O-O 13. Kh1 Rad8 14. Re1 e5 15.
Nxe5 Bxe2 16. Qxe2 Nxe5 17. dxe5 Bxe5 18. Bb6 Qxb6 19. c5 Qc7 20. Qxe5 Qxe5 21.
Rxe5 Rd3 22. Rc1 Rfd8 23. Re7 R8d7 24. Rxd7 Rxd7 25. Rd1 Rxd1+ 26. Nxd1 Ne4 27.
Kg1 Kf8 28. Kf1 Ke7 29. Ke2 Ke6 30. Ke3 Ke5 31. Nb2 Kd5 32. f3 Nf6 33. Nd3 Kc4
34. g4 Nd5+ 35. Ke4 Kb3 36. Kd4 Kxa3 37. Kc4 Nc7 38. h4 Nd5 1/2-1/2

[Event "Olexuv memorial 2016"]
[Site "?"]
[Date "2016.12.30"]
[Round "7.5"]
[White "Marsa, Alexandr"]
[Black "Zacek, Petr"]
[Result "1-0"]
[WhiteElo "1906"]
[BlackElo "2009"]
[PlyCount "39"]
[EventDate "2016.12.27"]
[SourceDate "2016.12.30"]

1. d4 d5 2. c4 e6 3. Nc3 Nf6 4. Bg5 Nbd7 5. e3 c6 6. a3 Be7 7. Nf3 O-O 8. Qc2
Re8 9. Rd1 h6 10. Bh4 dxc4 11. Bxc4 Nb6 12. Ba2 Nfd5 13. Bxe7 Qxe7 14. Bb1 g6
15. Ne4 Nd7 16. O-O e5 17. Ba2 exd4 18. Rxd4 N7b6 19. Nc5 Bg4 20. Rxg4 1-0

[Event "Olexuv memorial 2016"]
[Site "?"]
[Date "2016.12.30"]
[Round "7.6"]
[White "Snorek, Milan"]
[Black "Vavrousek, Petr"]
[Result "1-0"]
[WhiteElo "2049"]
[BlackElo "1759"]
[PlyCount "25"]
[EventDate "2016.12.27"]
[SourceDate "2016.12.30"]

1. d4 d5 2. c4 e6 3. cxd5 exd5 4. Nf3 Nf6 5. Bg5 Be7 6. Nc3 c6 7. Qc2 O-O 8. e3
Nbd7 9. Bd3 Re8 10. O-O Ne4 11. Bf4 f5 12. Nxd5 cxd5 13. Bc7 1-0

[Event "Olexuv memorial 2016"]
[Site "?"]
[Date "2016.12.30"]
[Round "7.7"]
[White "Wunsch, Radek"]
[Black "Kasparek, Ondrej"]
[Result "1-0"]
[WhiteElo "1000"]
[BlackElo "1920"]
[PlyCount "27"]
[EventDate "2016.12.27"]
[SourceDate "2016.12.30"]

1. e4 e5 2. Nf3 Nc6 3. Bb5 Nf6 4. d3 Bc5 5. O-O d6 6. c3 a6 7. Ba4 Bg4 8. Be3
Bxe3 9. fxe3 b5 10. Bb3 O-O 11. h3 Be6 12. Nbd2 h6 13. d4 d5 14. exd5 1-0

[Event "Olexuv memorial 2016"]
[Site "?"]
[Date "2016.12.30"]
[Round "7.9"]
[White "Doskar, Miloslav"]
[Black "Koci, Milos"]
[Result "1-0"]
[WhiteElo "1652"]
[BlackElo "1248"]
[PlyCount "96"]
[EventDate "2016.12.27"]
[SourceDate "2016.12.30"]

1. d4 d5 2. c4 c6 3. Nc3 Nf6 4. Bg5 Nbd7 5. e3 e6 6. Nf3 Be7 7. Qc2 h6 8. Bf4
Nb6 9. cxd5 cxd5 10. Bd3 a6 11. h3 Bd6 12. Bxd6 Qxd6 13. O-O O-O 14. Rac1 Nbd7
15. Na4 b5 16. Nc5 Qb6 17. Nxd7 Bxd7 18. Qc7 Qxc7 19. Rxc7 Rfc8 20. Rfc1 Kf8
21. Ne5 Ke8 22. h4 Rxc7 23. Rxc7 Kd8 24. Rc5 Ke8 25. g3 Rc8 26. Kg2 Ke7 27. f4
Ne4 28. Rxc8 Bxc8 29. Bxe4 dxe4 30. Kf2 Bb7 31. Ng4 f5 32. Ne5 h5 33. Ke2 Bd5
34. a3 Bc4+ 35. Nxc4 bxc4 36. Kd2 Kd6 37. Kc3 Kd5 38. Kb4 g6 39. a4 a5+ 40.
Kxa5 c3 41. bxc3 Kc4 42. Kb6 Kd3 43. a5 Kxe3 44. a6 Kf2 45. a7 e3 46. a8=Q e2
47. Qa2 Kf1 48. Qxe2+ Kxe2 1-0

[Event "Olexuv memorial 2016"]
[Site "?"]
[Date "2016.12.30"]
[Round "7.10"]
[White "Brda, Vlastimil"]
[Black "Richterova, Natasa"]
[Result "1-0"]
[WhiteElo "1234"]
[BlackElo "1274"]
[PlyCount "165"]
[EventDate "2016.12.27"]
[SourceDate "2016.12.30"]

1. Nf3 d5 2. d4 Nf6 3. Nbd2 Bf5 4. c3 h6 5. Ne5 Nbd7 6. Ndf3 Nxe5 7. Nxe5 e6 8.
Bf4 Bd6 9. Qa4+ c6 10. Bd2 Bxe5 11. dxe5 Ne4 12. Bf4 O-O 13. h4 Qe7 14. f3 Nc5
15. Qd4 Nd7 16. g4 Bh7 17. g5 h5 18. e3 c5 19. Qd2 c4 20. Bg2 Nc5 21. Bf1 Bd3
22. Bg2 Bf5 23. O-O Nd3 24. Bg3 Rad8 25. Kh2 Qc7 26. Bh3 Bg6 27. f4 Nc5 28. f5
Ne4 29. Qg2 exf5 30. Bf4 Qd7 31. Rad1 Qe6 32. Bg3 Rfe8 33. Rf3 Nxg3 34. Qxg3
Qxe5 35. Rdf1 Qxg3+ 36. Kxg3 f4+ 37. Kxf4 Re4+ 38. Kg3 Rde8 39. Re1 b6 40. Bd7
R8e5 41. b3 cxb3 42. axb3 Re7 43. Bh3 Rc7 44. Rc1 Re5 45. Bf1 Rce7 46. Kf2 Bf5
47. Re1 a5 48. Rf4 Bc2 49. b4 axb4 50. cxb4 Re4 51. Rxe4 Bxe4 52. Rd1 Re5 53.
Bh3 Kf8 54. Kg3 Ke7 55. Kf4 Kd6 56. Ra1 Re7 57. Ra8 f6 58. Rd8+ Kc7 59. Rc8+
Kb7 60. Rf8 fxg5+ 61. hxg5 Kc6 62. Bf1 Rc7 63. Be2 g6 64. Rf6+ Kb7 65. Ke5 h4
66. Bg4 Ka6 67. Be2+ Kb7 68. b5 h3 69. Rf2 Rc5 70. Rf7+ Rc7 71. Rf2 h2 72. Rxh2
Rc2 73. Rh7+ Kc8 74. Bg4+ Kd8 75. Kd6 Ke8 76. Be6 Kf8 77. Rf7+ Ke8 78. Rb7 Kf8
79. Rxb6 Rg2 80. Rb8+ Kg7 81. Rg8+ Kh7 82. b6 Bf5 83. Bxd5 1-0

[Event "Olexuv memorial 2016"]
[Site "?"]
[Date "2016.12.30"]
[Round "7.4"]
[White "Kriz, Tomas"]
[Black "Veznik, Michael"]
[Result "1/2-1/2"]
[WhiteElo "1432"]
[BlackElo "1780"]
[PlyCount "152"]
[EventDate "2016.12.27"]
[SourceDate "2016.12.30"]

1. e4 c5 2. Nf3 b6 3. d4 cxd4 4. Nxd4 Bb7 5. Nc3 g6 6. Be3 Bg7 7. Be2 Nc6 8.
O-O d6 9. f3 Nf6 10. Bb5 Rc8 11. Nce2 O-O 12. c3 Ne5 13. Bd3 Nxd3 14. Qxd3 Nd7
15. Qd2 Re8 16. a3 a6 17. Kh1 h5 18. Bg5 Qc7 19. f4 Bxe4 20. Ng3 Bb7 21. f5 Ne5
22. fxg6 fxg6 23. Ne6 Qd7 24. Nxg7 Kxg7 25. Rae1 Qg4 26. Bh6+ Kg8 27. Rf4 Qe6
28. Bg5 Rf8 29. Ref1 Rxf4 30. Qxf4 Qd5 31. Qf2 Ng4 32. Qd2 Qxd2 33. Bxd2 Rf8
34. Rxf8+ Kxf8 35. Kg1 e5 36. Bg5 Kf7 37. h3 Nf6 38. Be3 b5 39. Kf2 Ke6 40. Nf1
Ne4+ 41. Ke2 Kf5 42. Nd2 Nxd2 43. Kxd2 Bxg2 44. h4 d5 45. Bg5 Ke4 46. Be3 Bf1
47. Bg5 d4 48. cxd4 exd4 49. Bf6 Bc4 50. Bg5 Ba2 51. Be7 Kd5 52. Bg5 Kc4 53.
Kc1 Kd3 54. Bd2 Bd5 55. Bg5 Kc4 56. Bd2 Be4 57. Bg5 Kb3 58. Bd2 a5 59. Bg5 b4
60. axb4 Kxb4 61. Bd2+ Kb5 62. Bg5 Kc4 63. Bd2 a4 64. Bg5 Kb3 65. Bd2 Kc4 66.
Bg5 Kd3 67. Bd2 Ke2 68. Bg5 d3 69. Bd2 Bf5 70. Bg5 Be6 71. Bd2 Bb3 72. Bg5 Bc2
73. Bd2 Kf3 74. Bg5 Kg4 75. Kd2 Kf5 76. Kc1 Ke4 1/2-1/2

[Event "Olexuv memorial 2016"]
[Site "?"]
[Date "2016.12.30"]
[Round "7.11"]
[White "Hala, Pavel"]
[Black "Dvorak, Vlastimil"]
[Result "1-0"]
[WhiteElo "1684"]
[BlackElo "1000"]
[PlyCount "75"]
[EventDate "2016.12.27"]
[SourceDate "2016.12.30"]

1. c4 e5 2. e4 Nf6 3. Nc3 Nc6 4. a3 b6 5. d3 Nd4 6. Nge2 Bc5 7. b4 Bd6 8. Nxd4
exd4 9. Ne2 c5 10. Bd2 Be5 11. g3 g6 12. f4 Bd6 13. Bg2 Bb7 14. O-O Nh5 15. g4
Ng7 16. e5 Bc7 17. Bxb7 Rb8 18. Bf3 Qe7 19. Ng3 h5 20. g5 h4 21. Ne4 Kf8 22.
Nf6 Qe6 23. Bg4 Nf5 24. Qf3 Kg7 25. Qd5 Rbd8 26. Qxe6 dxe6 27. Bxf5 gxf5 28. h3
Kg6 29. bxc5 bxc5 30. Rab1 Bb8 31. Rb7 Rc8 32. Rfb1 Rhd8 33. Ba5 Rh8 34. Nd7
Rc6 35. Nxb8 Rcc8 36. Nd7 Ra8 37. Rb8 a6 38. Rxh8 1-0

[Event "Olexuv memorial 2016"]
[Site "?"]
[Date "2016.12.30"]
[Round "7.2"]
[White "Spodny, Josef"]
[Black "Micka, Norbert"]
[Result "1/2-1/2"]
[WhiteElo "1906"]
[BlackElo "1836"]
[PlyCount "112"]
[EventDate "2016.12.27"]
[SourceDate "2016.12.30"]

1. d4 Nf6 2. Nf3 g6 3. Bg5 Bg7 4. Nbd2 c5 5. Bxf6 Bxf6 6. Ne4 Bg7 7. Nxc5 d6 8.
Nb3 Bf5 9. e3 O-O 10. Bd3 Bd7 11. O-O Nc6 12. c3 a5 13. Nbd2 Qc7 14. d5 Na7 15.
a4 Rfb8 16. Ra2 Qc5 17. c4 Nc8 18. Nb3 Qb4 19. Nbd4 Bg4 20. Qc2 Bxf3 21. Nxf3
Nb6 22. b3 Rc8 23. Qd1 Nd7 24. Bc2 Nc5 25. Nd4 Qb6 26. Nb5 Qd8 27. Bb1 Qd7 28.
Rd2 Na6 29. f4 Qd8 30. Qf3 Qb6 31. Qf2 Nc7 32. Nxc7 Rxc7 33. Bc2 Qb4 34. Qe2
Qc5 35. Qd3 Rf8 36. g3 Rcc8 37. Kg2 Rcd8 38. e4 Qb4 39. Re2 Qc3 40. e5 Qxd3 41.
Bxd3 Rde8 42. Rfe1 Rd8 43. g4 b6 44. h4 h6 45. g5 hxg5 46. exd6 exd6 47. hxg5
Bc3 48. Rc1 Bb4 49. Kf3 Rfe8 50. Rcc2 Rxe2 51. Rxe2 Kf8 52. Rh2 Kg7 53. f5 gxf5
54. Bxf5 Rh8 55. Rxh8 Kxh8 56. Kg4 Kg7 1/2-1/2